Cohesion and growth : the theory and practice of European policy making
Αποθηκεύτηκε σε:
| Κύριος συγγραφέας: | |
|---|---|
| Μορφή: | Βιβλίο |
| Γλώσσα: | English |
| Δημοσίευση: |
London :
Routledge,
2015.
|
| Θέματα: | |
| Ετικέτες: |
Προσθήκη ετικέτας
Δεν υπάρχουν, Καταχωρήστε ετικέτα πρώτοι!
|
MARC
| LEADER | 00000nam a2200000 a 4500 | ||
|---|---|---|---|
| 001 | 1/111635 | ||
| 008 | 160901s2015####enk||| |||||||||| ||eng|| | ||
| 020 | |a 9781138846630 | ||
| 040 | |a GR-MyUa |b gre |c GR-MyUa |e AACR2 | ||
| 041 | 0 | |a eng | |
| 082 | 7 | |a 338.94 |2 (23) | |
| 100 | 1 | |a Molle, Willem. | |
| 245 | 1 | 0 | |a Cohesion and growth : |b the theory and practice of European policy making / |c Willem Molle. |
| 260 | |a London : |b Routledge, |c 2015. | ||
| 300 | |a xix, 321 σ. |c 24 εκ. | ||
| 504 | |a Περιλαμβάνει βιβλιογραφικές αναφορές και ευρετήριο. | ||
| 651 | 0 | |a European Union countries |x Economic policy. | |
| 651 | 0 | |a European Union countries |x Social policy. | |
| 651 | 0 | |a European Union countries |x Economic conditions |y 21st century. | |
| 651 | 4 | |a European Union countries |x Social conditions |y 21st century. | |
| 852 | |a INST |b LESVOS |c BK |e 20160901 |h 338.94 MOL |p 005100058124 |q 005100058124 |t BK |y 0 | ||
| 922 | |a 1ΕΛΗ |b 2016-05 |c Τμήμα Κοινωνιολογίας |d Δρες | ||
| 970 | |a Καμάτσου |b Δέσποινα |z 01-09-2016 | ||